The road to Jerusalem / (Record no. 219595)
[ view plain ]
| 000 -LEADER | |
|---|---|
| fixed length control field | 01140cam a22002894a 4500 |
| 001 - CONTROL NUMBER | |
| control field | 15523644 |
| 003 - CONTROL NUMBER IDENTIFIER | |
| control field | Nust |
| 005 - DATE AND TIME OF LATEST TRANSACTION | |
| control field | 20170215092118.0 |
| 008 - FIXED-LENGTH DATA ELEMENTS--GENERAL INFORMATION | |
| fixed length control field | 081114s2009 nyub 000 1 eng |
| 010 ## - LIBRARY OF CONGRESS CONTROL NUMBER | |
| LC control number | 2008049212 |
| 020 ## - INTERNATIONAL STANDARD BOOK NUMBER | |
| International Standard Book Number | 9780007321681 |
| 040 ## - CATALOGING SOURCE | |
| Original cataloging agency | DLC |
| Transcribing agency | DLC |
| Modifying agency | DLC |
| 041 1# - LANGUAGE CODE | |
| Language code of text/sound track or separate title | eng |
| Language code of original | swe |
| 050 00 - LIBRARY OF CONGRESS CALL NUMBER | |
| Classification number | PT9876.17.U38 |
| Item number | V3413 2009 |
| 082 00 - DEWEY DECIMAL CLASSIFICATION NUMBER | |
| Classification number | 839.7374 |
| Author Mark | GUI |
| 100 1# - MAIN ENTRY--PERSONAL NAME | |
| Personal name | Guillou, Jan, |
| Dates associated with a name | 1944- |
| 240 10 - UNIFORM TITLE | |
| Uniform title | Vägen till Jerusalem. |
| Language of a work | English |
| 245 14 - TITLE STATEMENT | |
| Title | The road to Jerusalem / |
| Statement of responsibility, etc. | Jan Guillou ; translated from the Swedish by Steven T. Murray. |
| 250 ## - EDITION STATEMENT | |
| Edition statement | 1st ed. |
| 260 ## - PUBLICATION, DISTRIBUTION, ETC. | |
| Place of publication, distribution, etc. | New York : |
| Name of publisher, distributor, etc. | Harper, |
| Date of publication, distribution, etc. | 2009. |
| 300 ## - PHYSICAL DESCRIPTION | |
| Extent | vii, 383 p. : |
| Other physical details | map ; |
| Dimensions | 24 cm. |
| 490 0# - SERIES STATEMENT | |
| Series statement | The Crusades trilogy ; |
| Volume/sequential designation | bk. 1 |
| 651 #0 - SUBJECT ADDED ENTRY--GEOGRAPHIC NAME | |
| Geographic name | Västergötland (Sweden) |
| General subdivision | History |
| Form subdivision | Fiction. |
| 700 1# - ADDED ENTRY--PERSONAL NAME | |
| Personal name | Murray, Steven T. |
| 906 ## - LOCAL DATA ELEMENT F, LDF (RLIN) | |
| a | 7 |
| b | cbc |
| c | orignew |
| d | 1 |
| e | ecip |
| f | 20 |
| g | y-gencatlg |
| 942 ## - ADDED ENTRY ELEMENTS (KOHA) | |
| Source of classification or shelving scheme | |
| Koha item type | Book |
| Withdrawn status | Lost status | Source of classification or shelving scheme | Damaged status | Not for loan | Permanent Location | Current Location | Shelving location | Date acquired | Total Checkouts | Total Renewals | Full call number | Barcode | Date last seen | Date last checked out | Copy number | Price effective from | Koha item type |
|---|---|---|---|---|---|---|---|---|---|---|---|---|---|---|---|---|---|
| Central Library (CL) | Central Library (CL) | Fiction | 02/15/2017 | 5 | 3 | 839.7374 GUI | CL1624 | 10/27/2025 | 10/24/2025 | 1 | 02/15/2017 | Book |
